Longest Airport Runways in the World - Statistics

General Stats
  • This quiz has been taken 119 times
  • The average score is 6 of 19
Answer Stats
Country Length (ft) Answer % Correct
Russia 17,723 Moscow
91%
Qatar 15,912 Doha
79%
Qatar 15,000 Doha
79%
Spain 15,807 Madrid
73%
Democratic Republic of the Congo 15,420 Kinshasa
63%
United States 16,001 Denver
59%
Ethiopia 15,502 Addis Ababa
55%
Zimbabwe 15,502 Harare National Park
46%
Iraq 15,748 Erbil
22%
China 18,045 Qamdo
6%
United States 15,053 Edwards Air Force Base
5%
United States 15,000 Shuttle Landing Facility
4%
Russia 16,404 Ulyanovsk
2%
South Africa 16,076 Upington
2%
Brazil 16,296 Gaviao Peixoto
1%
United States 15,049 San Bernardino
1%
China 16,404 Shigatse
1%
United States 15,000 Vandenburg Air Force Base
1%
Zimbabwe 15,092 Hwange
0%
No matching quizzes found
Score Distribution
Percent of People with Each Score
Percentile by Number Answered
Your Score History
You have not taken this quiz